Are you good enough? : From crisis to confidence in 15 text messages

This book will help you walk tall, reach your goals, eliminate self-doubt and banish low self-esteem.

محفوظ في:
التفاصيل البيبلوغرافية
المؤلف الرئيسي: McFarlan, Bill
التنسيق: كتاب
اللغة:Undetermined
منشور في: Chichester (England) Capstone 2006
الموضوعات:
الوسوم: إضافة وسم
لا توجد وسوم, كن أول من يضع وسما على هذه التسجيلة!
Thư viện lưu trữ: Trung tâm Học liệu Trường Đại học Cần Thơ
LEADER 00716nam a2200217Ia 4500
001 CTU_124136
008 210402s9999 xx 000 0 und d
020 |c 159000 
082 |a 158 
082 |b M143 
100 |a McFarlan, Bill 
245 0 |a Are you good enough? : 
245 0 |b From crisis to confidence in 15 text messages 
245 0 |c Bill McFarlan, Alex Yellowlees 
260 |a Chichester (England) 
260 |b Capstone 
260 |c 2006 
520 |a This book will help you walk tall, reach your goals, eliminate self-doubt and banish low self-esteem. 
650 |a Self-confidence,Self-actualization ( Psychology ) 
904 |i Minh 
980 |a Trung tâm Học liệu Trường Đại học Cần Thơ